[Event "XLV Torneo di Capodanno"]
[Site "Reggio nell'Emilia ITA"]
[Date "2003.01.04"]
[Round "7"]
[White "Mrdja, Milan"]
[Black "Scalcione, Michelangelo"]
[Result "0-1"]
[WhiteElo "2368"]
[BlackElo "2366"]
[PlyCount "38"]
[EventDate "2002.12.29"]

1. e4 e5 2. Nf3 d6 3. d4 exd4 4. Nxd4 Nf6 5. Nc3 Be7 6. Bf4 O-O 7. Qd2 a6 8. f3
b5 9. O-O-O c5 10. Nf5 Bxf5 11. exf5 Nc6 12. Ne4 d5 13. Nxf6+ Bxf6 14. Qxd5 Qb6
15. Be3 Rad8 16. Qb3 Na5 17. Qa3 b4 18. Qa4 Bxb2+ 19. Kxb2 Rxd1 0-1

[Event "XLV Torneo di Capodanno"]
[Site "Reggio nell'Emilia ITA"]
[Date "2003.01.04"]
[Round "7"]
[White "Palac, Mladen"]
[Black "Iotti, Pierluigi"]
[Result "1-0"]
[WhiteElo "2568"]
[BlackElo "2314"]
[PlyCount "61"]
[EventDate "2002.12.29"]

1. e4 e6 2. d4 d5 3. Nc3 Bb4 4. e5 c5 5. a3 Bxc3+ 6. bxc3 Ne7 7. Qg4 O-O 8. Bd3
f5 9. exf6 Rxf6 10. Bg5 Rf7 11. Qh5 h6 12. Bg6 Rf8 13. Nf3 Nbc6 14. O-O Qc7 15.
Bxe7 Qxe7 16. Rfe1 Qf6 17. Rad1 Bd7 18. Qg4 Rac8 19. Re2 cxd4 20. cxd4 Qf4 21.
Bh5 Rc7 22. Qxf4 Rxf4 23. h3 Rf6 24. Bg4 Kf7 25. c3 b6 26. Re3 Ke7 27. c4 Kd6
28. Ne5 Bc8 29. Bf3 Rf4 30. c5+ bxc5 31. dxc5+ 1-0

[Event "XLV Torneo di Capodanno"]
[Site "Reggio nell'Emilia ITA"]
[Date "2003.01.04"]
[Round "7"]
[White "Vezzosi, Paolo"]
[Black "Chabanon, Jean-Luc"]
[Result "0-1"]
[WhiteElo "2394"]
[BlackElo "2481"]
[PlyCount "76"]
[EventDate "2002.12.29"]

1. d4 Nf6 2. c4 e6 3. Nf3 Bb4+ 4. Bd2 a5 5. Nc3 d6 6. g3 Nc6 7. Bg2 O-O 8. O-O
e5 9. d5 Ne7 10. Ne1 Bf5 11. Nc2 Qd7 12. a3 Bxc3 13. Bxc3 Bh3 14. f3 Bxg2 15.
Kxg2 b5 16. e4 bxc4 17. Ne3 c6 18. Nxc4 cxd5 19. Nb6 Qc6 20. Nxa8 dxe4 21. Bxa5
Rxa8 22. Rc1 Qb5 23. b4 Nfd5 24. Re1 exf3+ 25. Qxf3 f5 26. Kg1 h6 27. Qe2 Qxe2
28. Rxe2 Kf7 29. Rd2 Ke6 30. Rc4 g5 31. h3 h5 32. Re2 f4 33. g4 hxg4 34. hxg4
Ne3 35. Rc7 N7d5 36. Rg7 Rc8 37. Rg6+ Ke7 38. Rxg5 Kf6 0-1

[Event "XLV Torneo di Capodanno"]
[Site "Reggio nell'Emilia ITA"]
[Date "2003.01.05"]
[Round "8"]
[White "Iotti, Pierluigi"]
[Black "Chabanon, Jean-Luc"]
[Result "0-1"]
[WhiteElo "2314"]
[BlackElo "2481"]
[PlyCount "120"]
[EventDate "2002.12.29"]

1. d4 Nf6 2. Nf3 e6 3. c4 b6 4. g3 Ba6 5. b3 Bb4+ 6. Bd2 Be7 7. Bg2 c6 8. O-O
d5 9. Ne5 Nfd7 10. Nxd7 Nxd7 11. Bc3 O-O 12. Nd2 Nf6 13. e4 b5 14. cxb5 cxb5
15. e5 Nd7 16. b4 Rc8 17. Rc1 Nb6 18. Nb3 Rxc3 19. Rxc3 Bxb4 20. Rc2 Nc4 21.
Qd3 Bc8 22. f4 a5 23. h4 a4 24. Nc1 Be7 25. Bh3 f5 26. h5 g5 27. hxg6 hxg6 28.
g4 Kf7 29. Rg2 Rh8 30. gxf5 gxf5 31. Qg3 Ke8 32. Rf3 Kd7 33. Qg7 b4 34. Nd3 Kc6
35. Nc1 Kb5 36. Kh2 Bd7 37. Qf7 Rf8 38. Qg6 Qb6 39. Rd3 Qd8 40. Rf3 Rh8 41. Qf7
Na5 42. Rg7 Nc6 43. Rd3 Qc8 44. Rh7 Ka5 45. Rxh8 Qxh8 46. Qg6 Qh4 47. Qg3 Qxg3+
48. Kxg3 Bc8 49. Kf3 Ba6 50. Rd1 Bd8 51. Ke3 Bb6 52. Bg2 Bc4 53. Bf3 a3 54. Be2
Nxd4 55. Bxc4 dxc4 56. Kd2 Kb5 57. Rh1 Kc5 58. Rh8 b3 59. axb3 cxb3 60. Kc3
Ba5+ 0-1

[Event "XLV Torneo di Capodanno"]
[Site "Reggio nell'Emilia ITA"]
[Date "2003.01.05"]
[Round "8"]
[White "Palac, Mladen"]
[Black "Cebalo, Miso"]
[Result "1/2-1/2"]
[WhiteElo "2568"]
[BlackElo "2544"]
[PlyCount "33"]
[EventDate "2002.12.29"]

1. e4 c5 2. Nf3 g6 3. d4 Bg7 4. c3 d5 5. dxc5 dxe4 6. Qxd8+ Kxd8 7. Ng5 Nh6 8.
Nxe4 Bf5 9. Ng3 Nd7 10. Na3 Nxc5 11. Be3 b6 12. O-O-O+ Kc7 13. Nb5+ Kb7 14.
Nxf5 Nxf5 15. Bxc5 bxc5 16. Bd3 Rad8 17. Rhe1 1/2-1/2

[Event "XLV Torneo di Capodanno"]
[Site "Reggio nell'Emilia ITA"]
[Date "2003.01.05"]
[Round "8"]
[White "Scalcione, Michelangelo"]
[Black "Castaldo, Folco"]
[Result "0-1"]
[WhiteElo "2366"]
[BlackElo "2338"]
[PlyCount "40"]
[EventDate "2002.12.29"]

1. Nf3 d5 2. d4 Nf6 3. c4 c6 4. Nc3 a6 5. c5 Nbd7 6. Bf4 Nh5 7. e3 g6 8. Bd3
Bg7 9. Qc2 O-O 10. g4 Nxf4 11. exf4 b6 12. cxb6 Qxb6 13. h4 Nf6 14. f5 Nxg4 15.
Rg1 h5 16. O-O-O Rb8 17. Kb1 Rb7 18. Ne5 Qxd4 19. f6 Bxf6 20. Bxg6 Qxe5 0-1

[Event "XLV Torneo di Capodanno"]
[Site "Reggio nell'Emilia ITA"]
[Date "2003.01.05"]
[Round "8"]
[White "Tomescu, Vlad"]
[Black "Mrdja, Milan"]
[Result "1-0"]
[WhiteElo "2432"]
[BlackElo "2368"]
[PlyCount "87"]
[EventDate "2002.12.29"]

1. e4 c5 2. Nf3 d6 3. d4 cxd4 4. Nxd4 Nf6 5. Nc3 a6 6. Bc4 e6 7. Bb3 Nbd7 8. f4
Nc5 9. f5 Be7 10. Qf3 e5 11. Nde2 Nxb3 12. axb3 b5 13. Be3 O-O 14. O-O Bb7 15.
Rad1 Rc8 16. Rd2 b4 17. Nd5 Bxd5 18. exd5 Qa5 19. Ng3 Qa2 20. Qd1 Qxb2 21. c4
Qa3 22. Rff2 Qa5 23. Ra2 Qc7 24. Rxa6 Rb8 25. Rfa2 Rfc8 26. Ra7 Qd8 27. h3 h6
28. R2a4 Rc7 29. Rxc7 Qxc7 30. Qe1 Kh7 31. Bd2 Qc5+ 32. Be3 Qc7 33. Kf1 Nd7 34.
Rxb4 Ra8 35. Ne4 Qc8 36. Qb1 g6 37. fxg6+ fxg6 38. Kg1 Ra6 39. Qc2 Qa8 40. Ra4
Rxa4 41. bxa4 Qa6 42. Qb3 Qa5 43. Kf1 Nf6 44. Qb5 1-0

[Event "XLV Torneo di Capodanno"]
[Site "Reggio nell'Emilia ITA"]
[Date "2003.01.06"]
[Round "9"]
[White "Castaldo, Folco"]
[Black "Tomescu, Vlad"]
[Result "0-1"]
[WhiteElo "2338"]
[BlackElo "2432"]
[PlyCount "54"]
[EventDate "2002.12.29"]

1. Nf3 b5 2. e4 Bb7 3. Bxb5 Bxe4 4. O-O Nf6 5. d4 e6 6. c4 Be7 7. Nc3 Bb7 8. d5
O-O 9. Ba4 Na6 10. Re1 Nc5 11. Bc2 a5 12. Ne5 d6 13. Nc6 Bxc6 14. dxc6 Ra6 15.
Qf3 Qa8 16. Bg5 h6 17. Bxh6 gxh6 18. Qf4 Kg7 19. Re3 Rh8 20. Nd5 exd5 21. Rxe7
Re8 22. Rxf7+ Kxf7 23. Qxh6 Rg8 24. Re1 Qf8 25. Qh3 Ra8 26. Bd1 Rh8 27. Qf5 Re8
0-1

[Event "XLV Torneo di Capodanno"]
[Site "Reggio nell'Emilia ITA"]
[Date "2003.01.06"]
[Round "9"]
[White "Cebalo, Miso"]
[Black "Iotti, Pierluigi"]
[Result "1-0"]
[WhiteElo "2544"]
[BlackElo "2314"]
[PlyCount "65"]
[EventDate "2002.12.29"]

1. d4 Nf6 2. c4 e6 3. Nc3 Bb4 4. e3 c5 5. a3 Bxc3+ 6. bxc3 O-O 7. Bd3 Nc6 8.
Ne2 b6 9. O-O Ba6 10. e4 Ne8 11. f4 f5 12. e5 Na5 13. d5 Qc8 14. d6 Bxc4 15.
Bxc4 Nxc4 16. Qd3 b5 17. a4 a6 18. axb5 axb5 19. Be3 Nxe3 20. Qxe3 Ra4 21. Rxa4
bxa4 22. c4 g6 23. Qa3 Qc6 24. Nc3 Nxd6 25. exd6 Qxd6 26. Nb5 Qc6 27. Qxa4 Ra8
28. Qc2 d5 29. Re1 Ra5 30. h3 Kf7 31. Qe2 dxc4 32. Nc3 Qd6 33. Rd1 1-0

[Event "XLV Torneo di Capodanno"]
[Site "Reggio nell'Emilia ITA"]
[Date "2003.01.06"]
[Round "9"]
[White "Chabanon, Jean-Luc"]
[Black "Romanishin, Oleg M."]
[Result "1-0"]
[WhiteElo "2481"]
[BlackElo "2562"]
[PlyCount "73"]
[EventDate "2002.12.29"]

1. d4 Nf6 2. c4 e6 3. g3 Bb4+ 4. Bd2 c5 5. Bxb4 cxb4 6. Bg2 O-O 7. Nf3 d6 8.
O-O Nc6 9. a3 Qb6 10. axb4 Qxb4 11. b3 Bd7 12. e3 Rfd8 13. Na3 Qb6 14. Qd2 e5
15. Nb5 e4 16. Ng5 d5 17. f3 h6 18. fxe4 hxg5 19. exd5 Ne7 20. d6 Nf5 21. e4
Bxb5 22. Rxf5 Bc6 23. e5 Nh7 24. c5 Qxb3 25. d5 Bd7 26. Rf3 Qb5 27. Rc3 Rac8
28. Rac1 a5 29. Qd4 Qb2 30. R1c2 Qb4 31. Qxb4 axb4 32. Rc4 b3 33. Rb2 Nf8 34.
Rxb3 Ng6 35. Re3 Re8 36. c6 bxc6 37. dxc6 1-0

[Event "XLV Torneo di Capodanno"]
[Site "Reggio nell'Emilia ITA"]
[Date "2003.01.06"]
[Round "9"]
[White "Mrdja, Milan"]
[Black "Palac, Mladen"]
[Result "0-1"]
[WhiteElo "2368"]
[BlackElo "2568"]
[PlyCount "84"]
[EventDate "2002.12.29"]

1. e4 c5 2. Nf3 d6 3. Bb5+ Nd7 4. O-O Ngf6 5. Re1 a6 6. Bf1 b6 7. c4 Bb7 8. Nc3
e6 9. b3 Be7 10. Bb2 O-O 11. d4 cxd4 12. Qxd4 Qc7 13. Rac1 Rac8 14. h3 Qb8 15.
Nd2 Rfe8 16. b4 Bd8 17. a3 Bc7 18. Nf3 Rcd8 19. Rcd1 Qa8 20. Bd3 h6 21. Bc2 Rc8
22. Ba4 Red8 23. Bc2 Bb8 24. Bb3 Qa7 25. Qe3 Ba8 26. Rd2 Qc7 27. Red1 Qb7 28.
Re1 Re8 29. Qe2 Nf8 30. Rd3 Ng6 31. Qd2 Nd7 32. h4 Nf6 33. g3 Qc7 34. Qd1 Qe7
35. Rd2 Red8 36. Qe2 Qb7 37. Nh2 Qc6 38. f4 h5 39. Qd1 b5 40. cxb5 Qb6+ 41. Rf2
Ba7 42. Ree2 Rxc3 0-1

[Event "XLV Torneo di Capodanno"]
[Site "Reggio nell'Emilia ITA"]
[Date "2003.01.06"]
[Round "9"]
[White "Vezzosi, Paolo"]
[Black "Scalcione, Michelangelo"]
[Result "1-0"]
[WhiteElo "2394"]
[BlackElo "2366"]
[PlyCount "79"]
[EventDate "2002.12.29"]

1. Nf3 Nf6 2. d4 g6 3. Bg5 Bg7 4. Nbd2 O-O 5. c3 d6 6. e4 Nbd7 7. Bc4 e5 8. O-O
h6 9. Bh4 g5 10. Bg3 Nh5 11. Nxe5 Nxe5 12. dxe5 Nxg3 13. fxg3 b5 14. Bxb5 Bxe5
15. Nc4 Bg7 16. Rf2 Bb7 17. Qd3 Qe7 18. Nd2 Be5 19. Raf1 Kh8 20. Ba6 Bc6 21.
Qc4 Be8 22. Nf3 f6 23. Nd4 Bf7 24. Qd3 Bg6 25. Nc6 Qg7 26. Bb7 Rae8 27. a4 Re6
28. a5 Qh7 29. Rf5 Bxf5 30. exf5 Ree8 31. a6 h5 32. Nxa7 h4 33. Nc6 hxg3 34.
hxg3 Kg7 35. Nxe5 Rxe5 36. a7 Ra5 37. a8=Q Raxa8 38. Bxa8 Rxa8 39. Re1 Kg8 40.
Qd5+ 1-0

[Event "XIV Festival A"]
[Site "Robecchetto con Induno ITA"]
[Date "2002.12.26"]
[Round "1"]
[White "Annoni, Riccardo"]
[Black "Cillo, Angelo"]
[Result "1-0"]
[WhiteElo "1858"]
[BlackElo "1677"]
[PlyCount "39"]
[EventDate "2002.12.26"]

1. e4 e5 2. d4 exd4 3. Qxd4 Nc6 4. Qe3 Nf6 5. Nc3 Bb4 6. Bd2 Qe7 7. O-O-O d6 8.
f3 Be6 9. Bb5 a6 10. Bxc6+ bxc6 11. g4 d5 12. e5 Bc5 13. Qg5 Nd7 14. Qxg7 Qf8
15. Qg5 Rg8 16. Qf4 Qg7 17. Qa4 Ke7 18. Qxc6 Qxe5 19. Re1 Qd6 20. Nxd5+ 1-0

[Event "XIV Festival A"]
[Site "Robecchetto con Induno ITA"]
[Date "2002.12.26"]
[Round "1"]
[White "Borroni, Enrico"]
[Black "Isella, Lorenzo"]
[Result "1/2-1/2"]
[WhiteElo "1950"]
[BlackElo "1720"]
[PlyCount "72"]
[EventDate "2002.12.26"]

1. d4 d5 2. Nf3 Nf6 3. Nbd2 Bf5 4. c3 c6 5. Nh4 Bc8 6. e3 g6 7. Bd3 Bg7 8. O-O
O-O 9. f4 b6 10. Qe2 a5 11. Nhf3 Ba6 12. Bxa6 Nxa6 13. Ne5 c5 14. Qb5 Qd6 15.
Qd3 Nc7 16. a4 Rad8 17. b3 Nd7 18. Bb2 Nxe5 19. fxe5 Qe6 20. Ba3 cxd4 21. exd4
Qd7 22. Nf3 Ne6 23. g3 Qb7 24. b4 Ra8 25. bxa5 Rxa5 26. Bb4 Ra7 27. Ra3 Rc8 28.
Rfa1 Bf8 29. h4 h5 30. R1a2 Ng7 31. Kh2 e6 32. Nd2 Nf5 33. Kh3 Qc6 34. Qb1 Rca8
35. Bxf8 Kxf8 36. Qb4+ Kg7 1/2-1/2

[Event "XIV Festival A"]
[Site "Robecchetto con Induno ITA"]
[Date "2002.12.26"]
[Round "1"]
[White "Cardani, Roberto"]
[Black "Corti, Corrado"]
[Result "1/2-1/2"]
[WhiteElo "1722"]
[BlackElo "2030"]
[PlyCount "130"]
[EventDate "2002.12.26"]

1. e4 c6 2. d4 d5 3. Nc3 dxe4 4. Nxe4 Bf5 5. Ng3 Bg6 6. h4 h5 7. Nh3 e6 8. Nf4
Ne7 9. c3 Nf5 10. Nxg6 fxg6 11. Qb3 Qd7 12. Bc4 Kf7 13. Ne4 Be7 14. Ng5+ Bxg5
15. Bxg5 b5 16. Bd3 Na6 17. O-O-O Nc7 18. f3 Nd5 19. Rde1 Nf6 20. Re5 a5 21.
Rhe1 Rhe8 22. a4 bxa4 23. Qxa4 Nd5 24. g4 Nfe7 25. Qc2 Nf6 26. Qe2 Ned5 27. Bc2
Rab8 28. Qd3 Ne7 29. gxh5 gxh5 30. Bxf6 Kxf6 31. Rxh5 Nf5 32. Qd2 Rh8 33. Qg5+
Kf7 34. Bxf5 exf5 35. Qxf5+ Qxf5 36. Rxf5+ Kg6 37. Rg5+ Kf6 38. Rxa5 Rxh4 39.
Re2 Rh3 40. Rf2 Ke6 41. b4 Rf8 42. Rc5 Kd6 43. f4 g5 44. f5 g4 45. Kd1 g3 46.
Rg2 Re8 47. f6 Rh1+ 48. Kd2 Rh2 49. Rxh2 gxh2 50. Rh5 Ra8 51. Kd3 Ra2 52. Ke4
Ke6 53. Rh6 Re2+ 54. Kf3 Rc2 55. Kg3 h1=Q 56. Rxh1 Rxc3+ 57. Kf4 Rc4 58. Ke4
Rxb4 59. Rc1 Rb6 60. Rf1 Kf7 61. Kd3 Rb5 62. Kc4 Rd5 63. Kd3 c5 64. Rf4 Rxd4+
65. Rxd4 cxd4 1/2-1/2

[Event "XIV Festival A"]
[Site "Robecchetto con Induno ITA"]
[Date "2002.12.26"]
[Round "1"]
[White "De Santis, Alessio"]
[Black "Lucchese, Paolo"]
[Result "1-0"]
[WhiteElo "2267"]
[BlackElo "1836"]
[PlyCount "55"]
[EventDate "2002.12.26"]

1. d4 c5 2. d5 g6 3. c4 Bg7 4. Nc3 d6 5. e4 Na6 6. Be3 Nc7 7. Qd2 h6 8. Bd3 Nf6
9. f3 e5 10. dxe6 Bxe6 11. Nge2 Qe7 12. O-O-O a6 13. Nf4 b5 14. Nxe6 Qxe6 15.
e5 dxe5 16. Bxc5 Nd7 17. Ba3 Rb8 18. Ne4 Bf8 19. c5 Be7 20. Bc2 Qc6 21. Kb1 Nf6
22. Nxf6+ Bxf6 23. Be4 Qe6 24. Qa5 Qc8 25. c6 b4 26. Bxb4 Rb5 27. Qa4 Qb8 28.
Ba3 1-0

[Event "XIV Festival A"]
[Site "Robecchetto con Induno ITA"]
[Date "2002.12.26"]
[Round "1"]
[White "Di Majo, Carlo"]
[Black "Aranovitch, Emiliano"]
[Result "0-1"]
[WhiteElo "1800"]
[BlackElo "2192"]
[PlyCount "96"]
[EventDate "2002.12.26"]

1. d4 b5 2. c3 Bb7 3. Qb3 a6 4. a4 e6 5. axb5 Bd5 6. Qc2 axb5 7. Rxa8 Bxa8 8.
Nf3 Nf6 9. Nbd2 c5 10. e3 Qb6 11. Be2 Nc6 12. O-O Be7 13. Ne5 O-O 14. Nd3 d6
15. b3 cxd4 16. cxd4 Bb7 17. Bb2 Rc8 18. Rc1 Bf8 19. Qd1 Ra8 20. Ra1 Rd8 21.
Bf3 Ne7 22. Bxb7 Qxb7 23. Qf3 Nfd5 24. Ne4 Qb6 25. g3 Rc8 26. Ng5 Nf6 27. e4
Qb7 28. d5 e5 29. Qe2 h6 30. Nf3 Nh7 31. Nfe1 f5 32. f3 Nf6 33. Nf2 Qb6 34. Kg2
fxe4 35. fxe4 Ng6 36. Ned3 Nh8 37. Nb4 Nf7 38. Ra6 Qb7 39. Ra5 Ra8 40. Rxa8
Qxa8 41. Qxb5 Ng5 42. Qc4 Qa5 43. h4 Nf7 44. Qc3 g5 45. Nc6 Qb6 46. Qd3 h5 47.
b4 gxh4 48. gxh4 Bh6 0-1

[Event "XIV Festival A"]
[Site "Robecchetto con Induno ITA"]
[Date "2002.12.26"]
[Round "1"]
[White "Orsenigo, Davide"]
[Black "Petrini, Roberto"]
[Result "0-1"]
[WhiteElo "1678"]
[BlackElo "1918"]
[PlyCount "132"]
[EventDate "2002.12.26"]

1. e4 e5 2. Nf3 Nc6 3. d4 exd4 4. Bc4 Bc5 5. c3 d3 6. O-O Nf6 7. e5 d5 8. Bb5
Ne4 9. Nd4 O-O 10. Nxc6 bxc6 11. Bxc6 Qh4 12. Be3 Bxe3 13. fxe3 Qh6 14. Bxd5
Qxe3+ 15. Kh1 Rb8 16. Qf3 Qxf3 17. gxf3 Bh3 18. Bxe4 Bxf1 19. b3 Be2 20. c4
Rfd8 21. Nd2 a5 22. Kg2 Rb4 23. Bc6 Kf8 24. Bb5 a4 25. a3 Rxb3 26. Nxb3 axb3
27. c5 Rb8 28. Bc4 Ke7 29. Kf2 h6 30. Ke3 b2 31. Rb1 Bf1 32. Bxd3 Bxd3 33. Kxd3
Rb3+ 34. Ke4 Ke6 35. f4 f5+ 36. exf6 gxf6 37. f5+ Kd7 38. Kd4 Kc6 39. Kc4 Rxa3
40. Rxb2 Ra4+ 41. Rb4 Ra1 42. Rb8 Rc1+ 43. Kd4 Rxc5 44. Ke4 Rc4+ 45. Ke3 Kd5
46. Kd3 Rf4 47. Rb5+ c5 48. Rb8 Rf3+ 49. Ke2 Rxf5 50. Rd8+ Ke4 51. Re8+ Re5 52.
Rh8 Rh5 53. Re8+ Kd4 54. Rd8+ Kc3 55. Rd3+ Kb4 56. h3 c4 57. Rf3 f5 58. Kd2 Rh4
59. Kc2 h5 60. Kb2 Re4 61. Rxf5 Re2+ 62. Kc1 Kb3 63. Rf3+ c3 64. Kd1 Rd2+ 65.
Kc1 Rh2 66. Kd1 Kb2 0-1

[Event "XIV Festival A"]
[Site "Robecchetto con Induno ITA"]
[Date "2002.12.26"]
[Round "1"]
[White "Sala, Gianni"]
[Black "Bianchi, Alberto"]
[Result "1/2-1/2"]
[WhiteElo "1759"]
[BlackElo "2044"]
[PlyCount "41"]
[EventDate "2002.12.26"]

1. e4 e5 2. Nf3 Nc6 3. Nc3 Nf6 4. Bb5 d6 5. O-O Bd7 6. d4 Nxd4 7. Bxd7+ Qxd7 8.
Nxd4 exd4 9. Qxd4 Be7 10. Bg5 h6 11. Bh4 Qg4 12. Bg3 O-O 13. f3 Qe6 14. Nb5 Qd7
15. c4 a6 16. Nc3 Nh5 17. Bf2 Bf6 18. Qd2 Bxc3 19. Qxc3 Nf4 20. Qd2 Ne6 21.
Rad1 1/2-1/2

[Event "XIV Festival A"]
[Site "Robecchetto con Induno ITA"]
[Date "2002.12.26"]
[Round "1"]
[White "Sgnaolin, Davide"]
[Black "Scuderi, David"]
[Result "1-0"]
[WhiteElo "2118"]
[BlackElo "1765"]
[PlyCount "85"]
[EventDate "2002.12.26"]

1. e4 e6 2. d4 d5 3. exd5 exd5 4. Nf3 Nf6 5. c4 Bb4+ 6. Bd2 Bxd2+ 7. Nbxd2 O-O
8. Be2 Nc6 9. O-O dxc4 10. Nxc4 Be6 11. Re1 Nd5 12. Nce5 Nxe5 13. dxe5 Nf4 14.
Bf1 Qxd1 15. Rexd1 Rfd8 16. Nd4 c6 17. Nxe6 Nxe6 18. g3 Rxd1 19. Rxd1 Rd8 20.
Rxd8+ Nxd8 21. f4 c5 22. Kf2 Kf8 23. Ke3 Ke7 24. Ke4 b6 25. Kd5 Kd7 26. f5 g6
27. Bb5+ Ke7 28. f6+ Kf8 29. Bd7 Nb7 30. Kc6 Na5+ 31. Kb5 a6+ 32. Kxa6 Nc4 33.
e6 fxe6 34. Bxe6 Nxb2 35. Kxb6 c4 36. Kb5 c3 37. Bb3 Nd3 38. Kc4 Nf2 39. a4 Ne4
40. a5 Nxf6 41. a6 Nd7 42. a7 Ke7 43. Kb5 1-0

[Event "XIV Festival A"]
[Site "Robecchetto con Induno ITA"]
[Date "2002.12.26"]
[Round "1"]
[White "Strada, Stefano"]
[Black "Barlocco, Carlo"]
[Result "0-1"]
[WhiteElo "1791"]
[BlackElo "2160"]
[PlyCount "50"]
[EventDate "2002.12.26"]

1. c4 e6 2. Nc3 d5 3. cxd5 exd5 4. d4 c6 5. Nf3 Bf5 6. g3 Nf6 7. Bg2 Bd6 8. Bg5
Nbd7 9. Rc1 O-O 10. O-O h6 11. Bxf6 Nxf6 12. Qb3 Qb6 13. Qxb6 axb6 14. a3 Rfe8
15. e3 Ne4 16. Nxe4 Bxe4 17. Ra1 b5 18. Rfc1 Ra4 19. Nd2 Bg6 20. Bf3 b4 21. Bd1
bxa3 22. bxa3 Rxa3 23. Rxa3 Bxa3 24. Ra1 Bb2 25. Ra2 Bxd4 0-1

[Event "XIV Festival A"]
[Site "Robecchetto con Induno ITA"]
[Date "2002.12.26"]
[Round "1"]
[White "Ticozzi, Stefano"]
[Black "Mrdja, Milan"]
[Result "0-1"]
[WhiteElo "1851"]
[BlackElo "2368"]
[PlyCount "126"]
[EventDate "2002.12.26"]

1. d4 c5 2. e3 e6 3. Nf3 Nf6 4. Bd3 Qc7 5. c3 Nc6 6. Nbd2 b6 7. Qe2 d6 8. O-O
Be7 9. a3 O-O 10. Re1 e5 11. dxe5 dxe5 12. e4 h6 13. Nf1 Be6 14. Ng3 Rfd8 15.
h3 Na5 16. Be3 c4 17. Bc2 Nb7 18. Rad1 Bc5 19. Bc1 Bf8 20. Be3 Nc5 21. Bxc5
Bxc5 22. Rxd8+ Rxd8 23. Rd1 Rxd1+ 24. Bxd1 b5 25. Bc2 g6 26. Qd2 Kg7 27. Nh2 a5
28. Bd1 Qb6 29. Nf3 Nd7 30. Nh4 Nf6 31. Nf3 Qc7 32. Nh2 Qd6 33. Qxd6 Bxd6 34.
Nf3 Nd7 35. Bc2 Nc5 36. Kf1 Bd7 37. Nd2 Be7 38. Ke2 Bg5 39. Ngf1 f5 40. a4 bxa4
41. Ne3 Bxe3 42. Kxe3 f4+ 43. Ke2 Bb5 44. Nb1 Kf6 45. Na3 Ba6 46. f3 g5 47. Kd2
h5 48. Bd1 Nd3 49. Bxa4 Nxb2 50. Bb5 Bxb5 51. Nxb5 Na4 52. Na3 Nb6 53. Kd1 Ke6
54. Kd2 Kd6 55. Kd1 Kc5 56. Kd2 Nc8 57. Kc2 Ne7 58. Kd2 Nc8 59. Kc2 Nd6 60. Kc1
g4 61. hxg4 hxg4 62. Kd2 g3 63. Kc2 Nxe4 0-1

[Event "XIV Festival A"]
[Site "Robecchetto con Induno ITA"]
[Date "2002.12.26"]
[Round "1"]
[White "Tomasi, Diego"]
[Black "Brioschi, Camillo"]
[Result "1-0"]
[WhiteElo "2037"]
[BlackElo "1741"]
[PlyCount "77"]
[EventDate "2002.12.26"]

1. d4 d5 2. Nf3 e6 3. g3 Nf6 4. Bg2 Nbd7 5. O-O Be7 6. b3 O-O 7. Bb2 Ne4 8.
Nbd2 Ndf6 9. Nxe4 Nxe4 10. Ne5 f6 11. Nd3 c6 12. f3 Nd6 13. e4 Nf7 14. Kh1 Qc7
15. f4 f5 16. e5 b6 17. a4 Ba6 18. Ba3 Bxa3 19. Rxa3 c5 20. dxc5 Bxd3 21. Qxd3
Qxc5 22. Rfa1 Rac8 23. R3a2 Qc3 24. Bf1 Rc7 25. a5 bxa5 26. Qxc3 Rxc3 27. Bd3
g5 28. Rxa5 gxf4 29. gxf4 Rc7 30. Rxa7 Rfc8 31. Rxc7 Rxc7 32. Ra6 Re7 33. b4
Kg7 34. b5 Nd8 35. b6 Nb7 36. Ra7 Kf7 37. Ba6 Nc5 38. Bc8 h6 39. b7 1-0

[Event "XIV Festival A"]
[Site "Robecchetto con Induno ITA"]
[Date "2002.12.27"]
[Round "2"]
[White "Aranovitch, Emiliano"]
[Black "Tomasi, Diego"]
[Result "1-0"]
[WhiteElo "2192"]
[BlackElo "2037"]
[PlyCount "97"]
[EventDate "2002.12.26"]

1. e4 e5 2. Nf3 Nf6 3. Nc3 Bb4 4. Nxe5 O-O 5. Be2 Re8 6. Nd3 Bxc3 7. dxc3 Nxe4
8. c4 d6 9. O-O Nc6 10. Re1 Bf5 11. Bf1 h6 12. b3 Qd7 13. Bb2 b6 14. Nf4 Ng5
15. f3 Rxe1 16. Qxe1 Re8 17. Qg3 f6 18. Nd5 Kf7 19. h4 Ne6 20. Qf2 Ne7 21. a4
a5 22. Rd1 Nxd5 23. cxd5 Nd8 24. Bb5 c6 25. dxc6 Nxc6 26. Qxb6 Rc8 27. Ba3 Qc7
28. Qxc7+ Rxc7 29. Bxd6 Rc8 30. Bc4+ Be6 31. Bxe6+ Kxe6 32. Rd2 g5 33. hxg5
hxg5 34. Ba3 Ne5 35. Kf2 Rc6 36. Bb2 Ng6 37. g3 Rc8 38. Ke3 Ne7 39. c4 Nf5+ 40.
Kf2 Rh8 41. Kg2 g4 42. Re2+ Kf7 43. fxg4 Nh6 44. g5 Ng4 45. gxf6 Rb8 46. Re7+
Kf8 47. Ra7 Rxb3 48. Bd4 Ne3+ 49. Kh3 1-0

[Event "XIV Festival A"]
[Site "Robecchetto con Induno ITA"]
[Date "2002.12.27"]
[Round "2"]
[White "Barlocco, Carlo"]
[Black "De Santis, Alessio"]
[Result "1-0"]
[WhiteElo "2160"]
[BlackElo "2267"]
[PlyCount "69"]
[EventDate "2002.12.26"]

1. d4 f5 2. Nc3 Nf6 3. Bg5 g6 4. Bxf6 exf6 5. e3 d5 6. Qf3 c6 7. Bd3 Be6 8.
Nge2 Nd7 9. h3 h5 10. g4 fxg4 11. hxg4 hxg4 12. Bxg6+ Ke7 13. Qg2 Rxh1+ 14.
Qxh1 Bg7 15. Ng3 Qh8 16. Kd2 Qh6 17. Qxh6 Bxh6 18. Nf5+ Bxf5 19. Bxf5 g3 20. f4
Nb6 21. b3 a5 22. Rg1 a4 23. Rxg3 axb3 24. cxb3 c5 25. dxc5 d4 26. cxb6 dxc3+
27. Kxc3 Ra6 28. Rg8 Bf8 29. Rh8 Kf7 30. Rh7+ Bg7 31. Rh1 Rxb6 32. Rd1 Bf8 33.
Rd7+ Ke8 34. Rd5 Rc6+ 35. Kd4 1-0

[Event "XIV Festival A"]
[Site "Robecchetto con Induno ITA"]
[Date "2002.12.27"]
[Round "2"]
[White "Bianchi, Alberto"]
[Black "Annoni, Riccardo"]
[Result "0-1"]
[WhiteElo "2044"]
[BlackElo "1858"]
[PlyCount "71"]
[EventDate "2002.12.26"]

1. e4 c5 2. Nf3 e6 3. Nc3 Nc6 4. g3 d5 5. d3 Nf6 6. Bg5 d4 7. Bxf6 Qxf6 8. Nb5
Qd8 9. Na3 b5 10. Bg2 c4 11. O-O Bxa3 12. bxa3 c3 13. e5 Rb8 14. Qe2 O-O 15.
Nh4 Ne7 16. f4 Nd5 17. Bxd5 Qxd5 18. h3 Bb7 19. Kh2 Rbe8 20. Qf2 Qc5 21. Rfb1
Bc6 22. Rb4 Rd8 23. Nf3 Bxf3 24. Qxf3 Rd5 25. Rab1 a5 26. R4b3 a4 27. Rb4 h6
28. Re1 f6 29. Qg4 fxe5 30. Qxe6+ Kh8 31. f5 e4 32. dxe4 Re5 33. Qd7 d3 34. Rd4
d2 35. Re3 Rc8 36. Kg2 0-1

[Event "XIV Festival A"]
[Site "Robecchetto con Induno ITA"]
[Date "2002.12.27"]
[Round "2"]
[White "Brioschi, Camillo"]
[Black "Di Majo, Carlo"]
[Result "0-1"]
[WhiteElo "1741"]
[BlackElo "1800"]
[PlyCount "84"]
[EventDate "2002.12.26"]

1. d4 Nf6 2. c4 e6 3. Nc3 Bb4 4. e3 O-O 5. Bd3 c5 6. a3 Bxc3+ 7. bxc3 d6 8. Ne2
e5 9. e4 h6 10. d5 Nbd7 11. O-O Re8 12. Ng3 Nf8 13. f4 Ng4 14. f5 Qh4 15. h3
Nf6 16. Qf3 N8h7 17. Ne2 Ng5 18. Qg3 Qh5 19. Bxg5 hxg5 20. Qe1 Bd7 21. Ng3 Qh7
22. Qd1 Qh4 23. Qe1 Ba4 24. Rb1 b6 25. Rb2 Reb8 26. Qf2 Rb7 27. Ne2 Qh6 28. Qg3
Rab8 29. Rfb1 Kf8 30. Kf2 Ke7 31. Ng1 Nh5 32. Qg4 Nf6 33. Qg3 Qh5 34. Nf3 g4
35. Nh2 gxh3 36. Qxh3 Qxh3 37. gxh3 Rh8 38. Bf1 Nxe4+ 39. Kf3 Nf6 40. Rg2 Rxh3+
41. Kf2 Bc2 42. Rc1 Be4 0-1

[Event "XIV Festival A"]
[Site "Robecchetto con Induno ITA"]
[Date "2002.12.27"]
[Round "2"]
[White "Cillo, Angelo"]
[Black "Strada, Stefano"]
[Result "0-1"]
[WhiteElo "1677"]
[BlackElo "1791"]
[PlyCount "86"]
[EventDate "2002.12.26"]

1. d4 Nf6 2. Nf3 e6 3. c4 b6 4. Nc3 Bb7 5. g3 Be7 6. Bg2 O-O 7. O-O Ne4 8. Qc2
f5 9. Nd2 d5 10. f3 Nxc3 11. Qxc3 c5 12. e3 Nc6 13. dxc5 d4 14. exd4 Nxd4 15.
Kh1 Bxc5 16. Nb3 Nxb3 17. axb3 Bd4 18. Qc2 Qf6 19. f4 Rf7 20. Bxb7 Rxb7 21. Qg2
Rab8 22. Qc6 Re7 23. Re1 Bxb2 24. Qd6 Rbe8 25. Bxb2 Qxb2 26. Rab1 Qc3 27. Qc6
Kf7 28. Red1 h6 29. b4 g5 30. fxg5 hxg5 31. b5 Rh8 32. Rg1 Qc2 33. Qg2 Qxc4 34.
g4 f4 35. Qb2 Rh4 36. Rbd1 Qe4+ 37. Rg2 Rxg4 38. Rdg1 Rxg2 39. Rxg2 Rd7 40. h4
Qe1+ 41. Rg1 Qxh4+ 42. Kg2 Qg3+ 43. Kf1 Qf3+ 0-1